[Event "ESCC 2014 - 50+ Blitz"]
[Site "Porto POR"]
[Date "2014.03.21"]
[Round "7.1"]
[White "Fróis, António"]
[Black "Strutinskaia, Galina"]
[Result "1-0"]
[WhiteElo "2352"]
[BlackElo "2286"]
[PlyCount "67"]
[EventDate "2014.??.??"]

1. Nf3 d5 2. g3 Bg4 3. Bg2 c6 4. O-O Nd7 5. d3 e5 6. Qe1 Bd6 7. e4 dxe4 8. dxe4
Ngf6 9. a4 b6 10. Nbd2 O-O 11. Nc4 Bc7 12. Bd2 Be6 13. Qe2 h6 14. Bc3 Bxc4 15.
Qxc4 Qe7 16. Qxc6 Nc5 17. Nh4 Rfc8 18. Nf5 Qf8 19. a5 g6 20. Qxf6 gxf5 21. exf5
Qg7 22. Qxg7+ Kxg7 23. Bxa8 Rxa8 24. axb6 Bxb6 25. Bxe5+ f6 26. Bd4 Rd8 27.
Bxc5 Bxc5 28. Rfd1 Rb8 29. Rd7+ Kg8 30. b3 h5 31. h4 Re8 32. Kf1 Re5 33. Ra5
Rxf5 34. f4 1-0

[Event "ESCC 2014 - 50+ Blitz"]
[Site "Porto POR"]
[Date "2014.03.21"]
[Round "7.2"]
[White "Glek, Igor"]
[Black "Gurieli, Nino"]
[Result "1-0"]
[WhiteElo "2547"]
[BlackElo "2273"]
[PlyCount "59"]
[EventDate "2014.??.??"]

1. e4 d6 2. d4 Nf6 3. Nc3 g6 4. f4 Bg7 5. Nf3 O-O 6. Bd3 Na6 7. e5 dxe5 8. dxe5
Nd5 9. Nxd5 Qxd5 10. Qe2 Nb4 11. Be4 Qa5 12. c3 Nc6 13. O-O Bf5 14. Bxf5 gxf5
15. Be3 e6 16. Rfd1 Rfd8 17. Qc4 a6 18. a4 Ne7 19. Rxd8+ Rxd8 20. Bc5 b5 21.
Qf1 bxa4 22. Bxe7 Rb8 23. Bb4 Qb6+ 24. Kh1 a5 25. Ba3 Bf8 26. Qe1 Bxa3 27. bxa3
Qb2 28. h3 Rb3 29. Rd1 Kf8 30. Rd8+ 1-0

[Event "ESCC 2014 - 50+ Blitz"]
[Site "Porto POR"]
[Date "2014.03.21"]
[Round "7.3"]
[White "Kasoshvili, Tsiala"]
[Black "Arkell, Keith C"]
[Result "1/2-1/2"]
[WhiteElo "2112"]
[BlackElo "2433"]
[PlyCount "82"]
[EventDate "2014.??.??"]

1. d4 e6 2. Nf3 Nf6 3. g3 b5 4. Bg2 Bb7 5. O-O c5 6. c3 Be7 7. a4 b4 8. Bg5 O-O
9. Nbd2 Na6 10. Nc4 d6 11. Ne3 Rb8 12. Rb1 h6 13. Bxf6 Bxf6 14. Nc2 Be4 15. Nd2
Bxc2 16. Qxc2 cxd4 17. cxd4 Qb6 18. e3 Rfc8 19. Qd3 b3 20. Rfc1 d5 21. Rxc8+
Rxc8 22. Qxb3 Qa5 23. Nf3 Rb8 24. Qc2 Nb4 25. Qd1 Rc8 26. Rc1 Rxc1 27. Qxc1
Qxa4 28. Bf1 Qc6 29. Qd2 a5 30. h4 g6 31. Kg2 Kg7 32. Ne1 e5 33. dxe5 Bxe5 34.
Kg1 Qd6 35. Nd3 Bxg3 36. fxg3 Qxg3+ 37. Bg2 Nxd3 38. Qxd3 Qe1+ 39. Bf1 Qg3+ 40.
Bg2 Qe1+ 41. Bf1 Qg3+ 1/2-1/2

[Event "ESCC 2014 - 50+ Blitz"]
[Site "Porto POR"]
[Date "2014.03.21"]
[Round "7.4"]
[White "Fernandes, António"]
[Black "Sturua, Zurab"]
[Result "0-1"]
[WhiteElo "2359"]
[BlackElo "2525"]
[PlyCount "76"]
[EventDate "2014.??.??"]

1. d4 Nf6 2. Bg5 g6 3. Bxf6 exf6 4. e3 f5 5. h4 d5 6. c4 dxc4 7. Bxc4 Nd7 8.
Nf3 Nb6 9. Bb3 Bg7 10. Nc3 Qe7 11. Qc2 c6 12. Ne2 Be6 13. Bxe6 Qxe6 14. Ng5 Qd7
15. Qc5 h6 16. Nf3 O-O-O 17. g3 Kb8 18. Nc3 Bf8 19. Qe5+ Bd6 20. Qa5 Rhe8 21.
O-O-O Qc7 22. Kb1 Nc4 23. Qa4 b5 24. Qc2 Qb6 25. Nd2 Na5 26. Nb3 Nb7 27. Rc1
Rc8 28. Rhd1 a6 29. Ne2 c5 30. dxc5 Bxc5 31. Nxc5 Nxc5 32. Nf4 Ne4 33. Qe2
Rxc1+ 34. Rxc1 Rd8 35. Qc2 Qb7 36. Ne2 Rd2 37. Qb3 Rxe2 38. f3 Nd2+ 0-1

[Event "ESCC 2014 - 50+ Blitz"]
[Site "Porto POR"]
[Date "2014.03.21"]
[Round "7.5"]
[White "Furman, Boris"]
[Black "Ferreira, Paulo"]
[Result "0-1"]
[WhiteElo "2225"]
[BlackElo "2073"]
[PlyCount "168"]
[EventDate "2014.??.??"]

1. d4 Nf6 2. c4 d6 3. Nc3 Nbd7 4. Nf3 e5 5. Bg5 c6 6. e3 Be7 7. Be2 O-O 8. O-O
h6 9. Bh4 Re8 10. Qc2 Nh7 11. Bxe7 Qxe7 12. b4 a5 13. a3 e4 14. Nd2 f5 15. f3
Ng5 16. fxe4 Nxe4 17. Ndxe4 fxe4 18. Rf4 Nf6 19. Raf1 axb4 20. axb4 d5 21. c5
Be6 22. b5 Rf8 23. bxc6 bxc6 24. Na4 Nd7 25. Rxf8+ Rxf8 26. Rxf8+ Nxf8 27. Nb6
Qg5 28. Qd2 Ng6 29. Bd1 Nh4 30. Qf2 Nf5 31. Ba4 Nxe3 32. Bxc6 Ng4 33. Qe2 Qc1+
34. Qf1 Qe3+ 35. Kh1 Nf2+ 36. Kg1 Nd3+ 37. Kh1 Qxd4 38. Nd7 Nf2+ 39. Kg1 Ng4+
40. Kh1 Bxd7 41. Bxd7 Nf6 42. c6 Qc5 43. h3 Kf7 44. Qf5 Qd6 45. g4 Ke7 46. g5
hxg5 47. Qxg5 Kf7 48. Qc1 Nxd7 49. c7 Nb6 50. c8=Q Nxc8 51. Qxc8 d4 52. Qf5+
Qf6 53. Qxe4 g6 54. Qd5+ Kg7 55. Qe4 g5 56. Kg2 Qf4 57. Qe7+ Kg6 58. Qe8+ Kf5
59. Qd7+ Ke4 60. Qc6+ Ke3 61. Qc1+ Ke4 62. Qc6+ Kd3 63. Qb5+ Ke3 64. Qe8+ Qe4+
65. Qxe4+ Kxe4 66. Kf2 Kd3 67. Kf3 Kc2 68. Kg4 d3 69. Kxg5 Kc3 70. h4 Kd4 71.
h5 d2 72. h6 d1=Q 73. h7 Qh1 74. Kg6 Ke5 75. Kg7 Qg2+ 76. Kh8 Qh3 77. Kg7 Qg4+
78. Kh8 Qh5 79. Kg8 Qg6+ 80. Kh8 Qh6 81. Kg8 Qe6+ 82. Kg7 Qe7+ 83. Kg8 Ke6 84.
h8=N Ke5 0-1

[Event "ESCC 2014 - 50+ Blitz"]
[Site "Porto POR"]
[Date "2014.03.21"]
[Round "7.6"]
[White "Bogumil, Tatiana"]
[Black "Morais, Vitor"]
[Result "0-1"]
[WhiteElo "2159"]
[BlackElo "1977"]
[PlyCount "119"]
[EventDate "2014.??.??"]

1. Nf3 Nf6 2. c4 g6 3. b3 Bg7 4. Bb2 O-O 5. g3 c6 6. Bg2 d5 7. O-O Na6 8. d3
Bg4 9. h3 Bd7 10. Ne5 Be6 11. Nd2 Rc8 12. Rc1 Nd7 13. Ndf3 Nxe5 14. Bxe5 Qd7
15. Bxg7 Kxg7 16. Kh2 f6 17. Qc2 Rfd8 18. Qb2 Kg8 19. b4 dxc4 20. dxc4 Bf7 21.
a3 e5 22. e3 Qe7 23. c5 Nc7 24. e4 Nb5 25. Rfd1 Rxd1 26. Rxd1 Rd8 27. Rxd8+
Qxd8 28. a4 Nd4 29. Nxd4 Qxd4 30. Qxd4 exd4 31. Bf1 Bb3 32. Bd3 Bxa4 33. Kg2
Kf7 34. Kf3 Ke6 35. Ke2 b6 36. f4 bxc5 37. bxc5 Bb5 38. Kd2 Kd7 39. Bc2 a5 40.
Bb3 a4 41. Bg8 a3 42. Kc2 d3+ 43. Kc3 Ke7 44. Bb3 Kd7 45. Kd2 Kc7 46. Kc3 Kb7
47. g4 Ka6 48. e5 fxe5 49. fxe5 Kb7 50. Bd1 Kc7 51. Kb3 Ba4+ 52. Kxa3 Bxd1 53.
Kb2 Bc2 54. Kc3 Kd7 55. g5 Ke6 56. Kd4 d2 57. Kc3 d1=Q 58. Kb4 Qb1+ 59. Kc3
Qb3+ 60. Kd4 0-1

[Event "ESCC 2014 - 50+ Blitz"]
[Site "Porto POR"]
[Date "2014.03.21"]
[Round "7.7"]
[White "Mednikova, Svetlana"]
[Black "Bebchuk, Boris"]
[Result "0-1"]
[WhiteElo "2125"]
[BlackElo "2191"]
[PlyCount "102"]
[EventDate "2014.??.??"]

1. e4 c5 2. Nf3 d6 3. Bb5+ Bd7 4. Bxd7+ Qxd7 5. O-O e6 6. c3 Nf6 7. Re1 Be7 8.
d4 cxd4 9. cxd4 d5 10. e5 Ne4 11. Nc3 Nxc3 12. bxc3 Nc6 13. Qd3 Na5 14. h4 Rc8
15. Bg5 a6 16. Bxe7 Qxe7 17. Ng5 h6 18. Nf3 O-O 19. a4 Rc7 20. Nd2 Rfc8 21.
Rac1 Qa3 22. Nb1 Qxa4 23. Re3 b5 24. Rg3 Qc4 25. Qf3 b4 26. Qg4 g6 27. h5 g5
28. f4 Kh7 29. fxg5 Rg8 30. Qf4 Qe2 31. g6+ fxg6 32. hxg6+ Rxg6 33. Rxg6 Kxg6
34. Qf6+ Kh7 35. Rf1 Rg7 36. Rf2 Qd1+ 37. Kh2 Qxb1 38. Qxe6 Qg6 39. Qxd5 Nc6
40. cxb4 Qh5+ 41. Kg1 Qd1+ 42. Kh2 Qh5+ 43. Kg1 Qg6 44. b5 axb5 45. e6 Ne7 46.
Qxb5 Qxe6 47. d5 Qxd5 48. Qxd5 Nxd5 49. Kh2 Kg6 50. Kg3 Nf6 51. Kf4 Rf7 0-1

[Event "ESCC 2014 - 50+ Blitz"]
[Site "Porto POR"]
[Date "2014.03.21"]
[Round "7.8"]
[White "Baliuniene, Margarita"]
[Black "Chireykina, Natalia"]
[Result "0-1"]
[WhiteElo "1926"]
[BlackElo "1891"]
[PlyCount "84"]
[EventDate "2014.??.??"]

1. d4 Nf6 2. c4 d6 3. Nc3 e5 4. dxe5 dxe5 5. Qxd8+ Kxd8 6. Bg5 c6 7. Nf3 Nbd7
8. O-O-O Kc7 9. e3 a5 10. Bd3 Ng4 11. Rhf1 f6 12. Bh4 Nc5 13. Bc2 Be6 14. b3
Be7 15. h3 Nh6 16. Rd2 Rhd8 17. Rfd1 Nf5 18. Bxf5 Bxf5 19. g4 Bg6 20. Nxe5 Rxd2
21. Rxd2 Be8 22. Nf3 a4 23. Bg3+ Kb6 24. b4 Ne6 25. c5+ Ka6 26. Nxa4 b5 27.
cxb6 Kb5 28. Nc3+ Kxb6 29. Rb2 Ra3 30. Kc2 Bg6+ 31. Kd2 Nc7 32. Nd4 Nd5 33.
Nxd5+ cxd5 34. f4 Ra8 35. f5 Be8 36. Ne6 g6 37. Bc7+ Kb5 38. Nd4+ Kc4 39. a4
Rxa4 40. b5 Bb4+ 41. Ke2 Bxb5 42. Nc2 Kc3+ 0-1

[Event "ESCC 2014 - 50+ Blitz"]
[Site "Porto POR"]
[Date "2014.03.21"]
[Round "8.1"]
[White "Fróis, António"]
[Black "Kasoshvili, Tsiala"]
[Result "1-0"]
[WhiteElo "2352"]
[BlackElo "2112"]
[PlyCount "44"]
[EventDate "2014.??.??"]

1. Nf3 Nf6 2. c4 c5 3. g3 d6 4. Bg2 Nc6 5. O-O e5 6. d3 g6 7. Nc3 Bg7 8. a3 O-O
9. Rb1 h6 10. b4 cxb4 11. axb4 a6 12. Bd2 Be6 13. b5 Ne7 14. Ne1 d5 15. bxa6
bxa6 16. Nc2 Rb8 17. cxd5 Nfxd5 18. Ne3 Nxe3 19. Bxe3 Rxb1 20. Qxb1 Nd5 21.
Nxd5 Bxd5 22. Bxd5 Qxd5 1-0

[Event "ESCC 2014 - 50+ Blitz"]
[Site "Porto POR"]
[Date "2014.03.21"]
[Round "8.2"]
[White "Arkell, Keith C"]
[Black "Glek, Igor"]
[Result "1-0"]
[WhiteElo "2433"]
[BlackElo "2547"]
[PlyCount "97"]
[EventDate "2014.??.??"]

1. d4 e6 2. Nf3 f5 3. Bg5 Be7 4. Bxe7 Qxe7 5. Nbd2 Nf6 6. e3 d6 7. Bd3 e5 8.
dxe5 dxe5 9. e4 f4 10. Nc4 Nc6 11. h3 O-O 12. O-O Bd7 13. Qd2 Rae8 14. Na5 b6
15. Nxc6 Bxc6 16. Rfe1 a5 17. Qc3 Ba8 18. Rad1 Kh8 19. a3 Rg8 20. Bc4 Rgf8 21.
Ng5 h6 22. Ne6 Nxe4 23. Qxe5 Rf6 24. Rxe4 Bxe4 25. Qxe4 Rxe6 26. Bxe6 Qxe6 27.
Qxf4 Qe2 28. Rd2 Qe1+ 29. Kh2 Qe5 30. Qxe5 Rxe5 31. f4 Rc5 32. g4 a4 33. Kg3
Rb5 34. c3 Rc5 35. h4 b5 36. Kf3 Rc6 37. Rd5 Rb6 38. g5 Kh7 39. h5 hxg5 40.
fxg5 c6 41. Rd7 Kg8 42. g6 Rb8 43. Rc7 Rf8+ 44. Kg3 Rf6 45. Rc8+ Rf8 46. Rxf8+
Kxf8 47. Kf4 Ke7 48. Ke5 Kd7 49. h6 1-0

[Event "ESCC 2014 - 50+ Blitz"]
[Site "Porto POR"]
[Date "2014.03.21"]
[Round "8.3"]
[White "Sturua, Zurab"]
[Black "Gurieli, Nino"]
[Result "0-1"]
[WhiteElo "2525"]
[BlackElo "2273"]
[PlyCount "97"]
[EventDate "2014.??.??"]

1. d4 d6 2. Nf3 Nf6 3. g3 g6 4. Bg2 Bg7 5. O-O O-O 6. c4 c6 7. Nc3 Bf5 8. Ne1
d5 9. cxd5 cxd5 10. Nd3 Nc6 11. Nf4 Ne4 12. Ncxd5 Nxd4 13. e3 e5 14. exd4 exf4
15. Nc3 Nxc3 16. bxc3 fxg3 17. hxg3 Qc7 18. Qb3 Rad8 19. Bf4 Qa5 20. Bxb7 g5
21. Bxg5 Be6 22. Bxd8 Rxd8 23. Qb4 Qc7 24. Bg2 Rb8 25. Qc5 Qd7 26. Rab1 Rc8 27.
Rb7 Rxc5 28. Rxd7 Rxc3 29. Rd8+ Bf8 30. d5 Bf5 31. Re1 Kg7 32. d6 Rd3 33. Be4
Bxe4 34. Rxe4 Bxd6 35. Kg2 Kf6 36. Rd7 a5 37. a4 Rd2 38. Re3 h5 39. Kf1 Kg6 40.
Ke1 Rd4 41. Ke2 f6 42. f3 Be5 43. Rxd4 Bxd4 44. Rd3 Be5 45. f4 Bb2 46. Rd5 Bc3
47. Kf3 f5 48. Rd6+ Kf7 49. Rh6 0-1

[Event "ESCC 2014 - 50+ Blitz"]
[Site "Porto POR"]
[Date "2014.03.21"]
[Round "8.4"]
[White "Ferreira, Paulo"]
[Black "Strutinskaia, Galina"]
[Result "0-1"]
[WhiteElo "2073"]
[BlackElo "2286"]
[PlyCount "56"]
[EventDate "2014.??.??"]

1. d4 Nf6 2. c3 e6 3. f3 c5 4. e4 d5 5. e5 Nfd7 6. f4 Nc6 7. Nf3 Be7 8. Bd3 Rb8
9. Qe2 a6 10. a4 cxd4 11. cxd4 Nb4 12. Nc3 Nxd3+ 13. Qxd3 g6 14. h4 h5 15. Ng5
Nb6 16. Be3 Bd7 17. b3 Rc8 18. Kf2 a5 19. Rhc1 Kf8 20. Nb5 Kg7 21. Rxc8 Qxc8
22. Rc1 Qb8 23. Qd2 Bb4 24. Qe2 Rc8 25. g4 Rxc1 26. Bxc1 Qc8 27. Be3 hxg4 28.
Qxg4 Qc2+ 0-1

[Event "ESCC 2014 - 50+ Blitz"]
[Site "Porto POR"]
[Date "2014.03.21"]
[Round "8.5"]
[White "Fernandes, António"]
[Black "Bebchuk, Boris"]
[Result "0-1"]
[WhiteElo "2359"]
[BlackElo "2191"]
[PlyCount "72"]
[EventDate "2014.??.??"]

1. d4 Nf6 2. Bg5 d5 3. e3 c5 4. c3 cxd4 5. exd4 Qb6 6. Qb3 Qxb3 7. axb3 Ne4 8.
Bf4 Nc6 9. b4 e6 10. f3 Bd6 11. Be3 Nf6 12. Nd2 Bd7 13. Be2 O-O 14. f4 b6 15.
b5 Na5 16. g3 g6 17. Ngf3 Rfc8 18. Ne5 Be8 19. h4 Ne4 20. Nxe4 dxe4 21. h5 Bxe5
22. fxe5 Nc4 23. Bc1 Bxb5 24. b3 Na5 25. Bxb5 Nxb3 26. Rb1 Rxc3 27. Bd2 Nxd2
28. Kxd2 Rxg3 29. Rbg1 Rb3 30. Rb1 Ra3 31. Rhc1 Rd8 32. Ke2 gxh5 33. Rg1+ Kf8
34. Rbf1 Rxd4 35. Rg5 Rb4 36. Bc6 Rb2+ 0-1

[Event "ESCC 2014 - 50+ Blitz"]
[Site "Porto POR"]
[Date "2014.03.21"]
[Round "8.6"]
[White "Morais, Vitor"]
[Black "Kalegin, Evgenij"]
[Result "0-1"]
[WhiteElo "1977"]
[BlackElo "2433"]
[PlyCount "67"]
[EventDate "2014.??.??"]

1. b3 e5 2. Bb2 d6 3. e3 Nf6 4. Nf3 g6 5. c4 Bg7 6. d4 e4 7. Nfd2 c6 8. Be2 h5
9. Nc3 Qe7 10. Qc2 Bf5 11. d5 c5 12. O-O-O O-O 13. h3 h4 14. Rdg1 Na6 15. a3
Nc7 16. g4 hxg3 17. fxg3 g5 18. g4 Bg6 19. Nf1 b5 20. Ng3 b4 21. axb4 cxb4 22.
Nd1 Qd7 23. h4 gxh4 24. Rxh4 Na6 25. g5 Nh7 26. Rgh1 Nc5 27. Bxg7 Kxg7 28. Bg4
Qe7 29. Nf5+ Bxf5 30. Bxf5 Nxg5 31. Qg2 Rh8 32. Rh7+ Rxh7 33. Rxh7+ Kg8 34. Qh1
0-1

[Event "ESCC 2014 - 50+ Blitz"]
[Site "Porto POR"]
[Date "2014.03.21"]
[Round "8.7"]
[White "Chireykina, Natalia"]
[Black "Bogumil, Tatiana"]
[Result "0-1"]
[WhiteElo "1891"]
[BlackElo "2159"]
[PlyCount "150"]
[EventDate "2014.??.??"]

1. e4 e5 2. Nf3 Nc6 3. d4 exd4 4. Nxd4 d6 5. Nc3 Nf6 6. Bg5 Be7 7. Bc4 O-O 8.
O-O Bd7 9. Re1 a6 10. a4 Ne5 11. Bb3 Rb8 12. Kh1 h6 13. Bh4 c5 14. Bxf6 Bxf6
15. Nf5 c4 16. Ba2 Bxf5 17. exf5 b5 18. Nd5 Nc6 19. c3 Be5 20. axb5 axb5 21.
Bb1 Qh4 22. g3 Qd8 23. Qg4 Bf6 24. Bc2 Ne5 25. Qd1 Nd7 26. Ra6 Be5 27. f4 Nc5
28. Ra7 Bf6 29. Ne7+ Kh8 30. Nc6 Qb6 31. Nxb8 Qxa7 32. Qxd6 Rxb8 33. Qd5 Qb7
34. Rd1 Nd3 35. Qxb7 Rxb7 36. Bxd3 cxd3 37. Rxd3 b4 38. cxb4 Rxb4 39. b3 Kh7
40. Rd7 Rxb3 41. Rxf7 h5 42. Kg2 Rb5 43. Ra7 Rxf5 44. Kf3 Rb5 45. h3 Rb3+ 46.
Kg2 Kh6 47. Ra6 Rb2+ 48. Kf3 Rh2 49. h4 Rb2 50. Ra3 Rc2 51. Rb3 Rc3+ 52. Rxc3
Bxc3 53. Ke4 Be1 54. Kf3 Kg6 55. g4 Bxh4 56. gxh5+ Kxh5 57. Ke4 Bf6 58. Kf5 Kh4
59. Ke4 Kg4 60. Ke3 Bb2 61. Ke4 Bc1 62. Ke5 Bxf4+ 63. Ke4 g5 64. Kd3 Kf3 65.
Kc2 g4 66. Kd3 g3 67. Kd4 g2 68. Kd5 g1=Q 69. Ke6 Qc5 70. Kf6 Qe5+ 71. Kg6 Qg5+
72. Kf7 Qh6 73. Ke7 Be5 74. Kd7 Qd6+ 75. Kc8 Qc7# 0-1

[Event "ESCC 2014 - 50+ Blitz"]
[Site "Porto POR"]
[Date "2014.03.21"]
[Round "8.8"]
[White "Baliuniene, Margarita"]
[Black "Mednikova, Svetlana"]
[Result "0-1"]
[WhiteElo "1926"]
[BlackElo "2125"]
[PlyCount "40"]
[EventDate "2014.??.??"]

1. e4 c5 2. Nf3 d6 3. Bb5+ Bd7 4. a4 g6 5. O-O Bg7 6. c3 Nc6 7. h3 a6 8. Bc4 e6
9. d4 cxd4 10. cxd4 Nge7 11. Nc3 O-O 12. d5 exd5 13. Nxd5 Ne5 14. Bb3 Rc8 15.
Nxe7+ Qxe7 16. Bd5 b5 17. Qe2 bxa4 18. Qxa6 Nxf3+ 19. gxf3 Bxh3 20. Rd1 Rxc1
0-1

[Event "ESCC 2014 - 50+ Blitz"]
[Site "Porto POR"]
[Date "2014.03.21"]
[Round "9.1"]
[White "Bebchuk, Boris"]
[Black "Fróis, António"]
[Result "0-1"]
[WhiteElo "2191"]
[BlackElo "2352"]
[PlyCount "118"]
[EventDate "2014.??.??"]

1. d4 d5 2. c4 e6 3. Nc3 c5 4. cxd5 exd5 5. Nf3 Nc6 6. g3 Nf6 7. Bg2 Be7 8. O-O
O-O 9. b3 cxd4 10. Nxd4 Bg4 11. Bb2 Qd7 12. Rc1 Rfe8 13. Re1 Rac8 14. Qd2 Bb4
15. a3 Ba5 16. b4 Nxd4 17. Qxd4 Bb6 18. Qd2 d4 19. Nb1 Rxc1 20. Bxc1 Bh3 21.
Bb2 Bxg2 22. Kxg2 Qd5+ 23. f3 Ng4 24. Qf4 Ne3+ 25. Kh1 h6 26. Nd2 g5 27. Qf6
Re6 28. Ne4 Qxe4 29. fxe4 Rxf6 30. Rc1 Rc6 31. Kg1 Rxc1+ 32. Bxc1 Kg7 33. Kf2
Kf6 34. h3 Ke5 35. Kf3 a6 36. a4 Ba7 37. Bd2 b5 38. axb5 axb5 39. g4 Bb6 40.
Be1 Nc4 41. h4 f6 42. Bg3+ Ke6 43. h5 Nd2+ 44. Kg2 Nxe4 45. Bb8 f5 46. gxf5+
Kxf5 47. Kf3 g4+ 48. Kg2 Nf6 49. Bd6 Nxh5 50. Bc5 Bxc5 51. bxc5 Ke5 52. Kf2 Kd5
53. e4+ dxe3+ 54. Kxe3 Kxc5 55. Ke4 b4 56. Kf5 b3 57. Kxg4 b2 58. Kxh5 b1=Q 59.
Kxh6 Qg1 0-1

[Event "ESCC 2014 - 50+ Blitz"]
[Site "Porto POR"]
[Date "2014.03.21"]
[Round "9.2"]
[White "Kasoshvili, Tsiala"]
[Black "Sturua, Zurab"]
[Result "0-1"]
[WhiteElo "2112"]
[BlackElo "2525"]
[PlyCount "49"]
[EventDate "2014.??.??"]

1. d4 Nf6 2. Nf3 c5 3. e3 g6 4. Be2 Bg7 5. b3 O-O 6. Bb2 cxd4 7. exd4 d5 8. O-O
Nc6 9. Nbd2 Bf5 10. a3 Rc8 11. c4 Ne4 12. Ne5 Nxe5 13. dxe5 Nxd2 14. Qxd2 dxc4
15. Qxd8 Rfxd8 16. Bxc4 Bd3 17. Rac1 Bxf1 18. Kxf1 b5 19. Be2 Bxe5 20. Rxc8
Rxc8 21. Bxe5 Rc1+ 22. Bd1 Rxd1+ 23. Ke2 Rb1 24. b4 Rb3 25. Ke1 0-1

[Event "ESCC 2014 - 50+ Blitz"]
[Site "Porto POR"]
[Date "2014.03.21"]
[Round "9.3"]
[White "Kalegin, Evgenij"]
[Black "Arkell, Keith C"]
[Result "1-0"]
[WhiteElo "2433"]
[BlackElo "2433"]
[PlyCount "89"]
[EventDate "2014.??.??"]

1. g3 d5 2. Bg2 c6 3. d3 Nf6 4. Nd2 e5 5. Ngf3 Nbd7 6. O-O Be7 7. e4 O-O 8. b3
d4 9. Bb2 c5 10. Nc4 Qc7 11. a4 b6 12. Nh4 Re8 13. Nf5 Bf8 14. f4 g6 15. Nh4
Bg7 16. Bc1 Bb7 17. f5 a6 18. Bd2 b5 19. Na5 Bc8 20. h3 Nb6 21. Qe2 c4 22. bxc4
Nxa4 23. g4 Nc3 24. Qf2 bxc4 25. Nxc4 Bd7 26. Bg5 Nfxe4 27. dxe4 Qxc4 28. Kh1
f6 29. fxg6 hxg6 30. Bxf6 Rf8 31. g5 Kh7 32. Nf5 gxf5 33. Qh4+ Kg8 34. Bxg7
Kxg7 35. Qh6+ Kf7 36. exf5 Ke8 37. Bxa8 Ne2 38. Kh2 Qc3 39. Qh5+ Kd8 40. Qxe2
Rh8 41. Qg4 Qd2+ 42. Bg2 Bc6 43. Rg1 Qf2 44. Raf1 Qe3 45. Qg3 1-0

[Event "ESCC 2014 - 50+ Blitz"]
[Site "Porto POR"]
[Date "2014.03.21"]
[Round "9.4"]
[White "Bogumil, Tatiana"]
[Black "Glek, Igor"]
[Result "0-1"]
[WhiteElo "2159"]
[BlackElo "2547"]
[PlyCount "51"]
[EventDate "2014.??.??"]

1. Nf3 d6 2. d4 Nf6 3. c4 g6 4. Nc3 Bf5 5. g3 Bg7 6. Bg2 Ne4 7. O-O Nxc3 8.
bxc3 Be4 9. Nd2 Bxg2 10. Kxg2 O-O 11. Qb3 b6 12. Nf3 Nc6 13. a4 Qc8 14. Ba3 Na5
15. Qa2 c5 16. Rac1 Qe6 17. e3 Qxc4 18. Qxc4 Nxc4 19. Ra1 Rfc8 20. Rfb1 e5 21.
Bc1 Rc7 22. dxe5 dxe5 23. e4 Rd8 24. h4 Rd3 25. Bg5 f6 26. Be3 0-1

[Event "ESCC 2014 - 50+ Blitz"]
[Site "Porto POR"]
[Date "2014.03.21"]
[Round "9.5"]
[White "Strutinskaia, Galina"]
[Black "Gurieli, Nino"]
[Result "1-0"]
[WhiteElo "2286"]
[BlackElo "2273"]
[PlyCount "81"]
[EventDate "2014.??.??"]

1. d4 d6 2. e4 Nf6 3. Nc3 g6 4. Bg5 Bg7 5. f4 h6 6. Bh4 c5 7. Nf3 cxd4 8. Nxd4
O-O 9. Qd2 Nc6 10. Nxc6 bxc6 11. Bd3 d5 12. e5 Nd7 13. Rb1 Nc5 14. O-O Nxd3 15.
cxd3 c5 16. Rbc1 Bb7 17. Na4 d4 18. Nxc5 Bd5 19. b4 Kh7 20. Bf2 f6 21. exf6
exf6 22. Na6 f5 23. a3 Qd6 24. Nc7 Bb7 25. Nxa8 Rxa8 26. Rc5 Qe6 27. Re1 Qb3
28. Rc7 Qd5 29. Bh4 Rc8 30. Rxc8 Bxc8 31. Re7 Qd6 32. Rxa7 Be6 33. Bf6 Bd7 34.
Bxg7 Kxg7 35. Qe2 Kf8 36. Qe5 Qxe5 37. fxe5 Bb5 38. a4 Bxd3 39. Rd7 Bc2 40. a5
Ke8 41. Rxd4 1-0

[Event "ESCC 2014 - 50+ Blitz"]
[Site "Porto POR"]
[Date "2014.03.21"]
[Round "9.6"]
[White "Ferreira, Paulo"]
[Black "Baliuniene, Margarita"]
[Result "1-0"]
[WhiteElo "2073"]
[BlackElo "1926"]
[PlyCount "131"]
[EventDate "2014.??.??"]

1. d4 d5 2. c3 Nf6 3. Bg5 e6 4. Nd2 Be7 5. Ngf3 Nbd7 6. g3 O-O 7. Bg2 h6 8.
Bxf6 Nxf6 9. Ne5 c5 10. e3 Rb8 11. O-O Nd7 12. f4 Nxe5 13. fxe5 b6 14. Qe2 f6
15. exf6 Bxf6 16. Nf3 Qd6 17. Rad1 c4 18. e4 dxe4 19. Nd2 b5 20. Nxe4 Qe7 21.
d5 Bd7 22. Rfe1 e5 23. d6 Qe8 24. Nc5 Rd8 25. Nb7 Rc8 26. Na5 Bg5 27. Qxe5 Qg6
28. Bd5+ Kh8 29. Be4 Qf7 30. Rf1 Qe6 31. Qxe6 Bxe6 32. Rxf8+ Rxf8 33. Nc6 Be3+
34. Kh1 Bg4 35. Re1 Bc5 36. Ne7 Bxd6 37. Ng6+ Kg8 38. Bd5+ Rf7 39. Rf1 Bd7 40.
Bxf7+ Kh7 41. Nh4 Bc6+ 42. Ng2 g5 43. Bh5 Bc5 44. Bf3 Bd7 45. Be4+ Kg7 46. Ne1
Bh3 47. Bg2 Bd7 48. Nf3 Bc6 49. Nd4 Bxg2+ 50. Kxg2 Kg6 51. Kf3 a5 52. Nxb5 Bb6
53. Nd4 Bc5 54. Ke4 h5 55. h3 h4 56. g4 Bd6 57. Rf5 Bf4 58. Ne6 Bc1 59. b3 cxb3
60. axb3 Bd2 61. c4 Bb4 62. Nd4 Bc3 63. Nf3 Bf6 64. Rxf6+ Kxf6 65. Kd5 Kg6 66.
c5 1-0

[Event "ESCC 2014 - 50+ Blitz"]
[Site "Porto POR"]
[Date "2014.03.21"]
[Round "9.7"]
[White "Mednikova, Svetlana"]
[Black "Furman, Boris"]
[Result "0-1"]
[WhiteElo "2125"]
[BlackElo "2225"]
[PlyCount "67"]
[EventDate "2014.??.??"]

1. e4 c5 2. Nf3 Nc6 3. Bb5 g6 4. O-O Bg7 5. c3 Nf6 6. Re1 O-O 7. d4 cxd4 8.
cxd4 d5 9. e5 Ne4 10. Nbd2 Bf5 11. Bxc6 bxc6 12. Nh4 Be6 13. Nxe4 dxe4 14. Rxe4
c5 15. Nf3 Bd5 16. Re3 Bxf3 17. Rxf3 cxd4 18. e6 fxe6 19. Bg5 Rxf3 20. Qxf3 Rc8
21. h3 h6 22. Bh4 g5 23. Bg3 Qd5 24. Qa3 Qc5 25. Qa6 Qb6 26. Qe2 Rd8 27. Rd1
Qc6 28. Kh2 Qd5 29. b3 d3 30. Qd2 e5 31. h4 e4 32. hxg5 hxg5 33. Qb4 Qe6 34.
Qc5 0-1

[Event "ESCC 2014 - 50+ Blitz"]
[Site "Porto POR"]
[Date "2014.03.21"]
[Round "9.8"]
[White "Chireykina, Natalia"]
[Black "Morais, Vitor"]
[Result "1-0"]
[WhiteElo "1891"]
[BlackElo "1977"]
[PlyCount "67"]
[EventDate "2014.??.??"]

1. e4 Nf6 2. e5 Nd5 3. d4 d6 4. c4 Nb6 5. Nf3 Bg4 6. exd6 exd6 7. Nc3 Be7 8. h3
Bh5 9. g4 Bg6 10. Bg2 O-O 11. O-O Nxc4 12. Qb3 Nb6 13. a4 a5 14. Bf4 Nc6 15.
Rfe1 Bf6 16. d5 Nb4 17. Rad1 Bc2 18. Qa3 Bxd1 19. Rxd1 Bxc3 20. Qxc3 N6xd5 21.
Qd4 Nxf4 22. Qxf4 Qe7 23. Ng5 h6 24. Ne4 Rae8 25. g5 hxg5 26. Nxg5 Qe5 27. Qh4
Qf5 28. Be4 Rxe4 29. Nxe4 Re8 30. Ng3 Qc2 31. Rd4 Qxb2 32. Rg4 Nd3 33. Nf5 Re1+
34. Kg2 1-0